<?xml version="1.0" encoding="UTF-8"?>
<record
    xmlns:xsi="http://www.w3.org/2001/XMLSchema-instance"
    xsi:schemaLocation="http://www.loc.gov/MARC21/slim http://www.loc.gov/standards/marcxml/schema/MARC21slim.xsd"
    xmlns="http://www.loc.gov/MARC21/slim">

  <leader>00607nam a22001577a 4500</leader>
  <controlfield tag="003">OSt</controlfield>
  <controlfield tag="005">20151112155147.0</controlfield>
  <controlfield tag="008">151112b        xxu||||| |||| 00| 0 eng d</controlfield>
  <datafield tag="040" ind1=" " ind2=" ">
    <subfield code="c">RUA</subfield>
  </datafield>
  <datafield tag="082" ind1=" " ind2=" ">
    <subfield code="a">FOR HAN 2008 B135 Or.1</subfield>
  </datafield>
  <datafield tag="100" ind1=" " ind2=" ">
    <subfield code="9">3624</subfield>
    <subfield code="a">HANG, CHANDARA VUTH.</subfield>
  </datafield>
  <datafield tag="245" ind1=" " ind2=" ">
    <subfield code="a">Correlation between length and weight of three rattan species in kampong provine, &#x1791;&#x17C6;&#x1793;&#x17B6;&#x1780;&#x17CB;&#x1791;&#x17C6;&#x1793;&#x1784;&#x179A;&#x179C;&#x17B6;&#x1784;&#x1794;&#x17D2;&#x179A;&#x179C;&#x17C2;&#x1784; &#x1793;&#x17B7;&#x1784;&#x1791;&#x17C6;&#x1784;&#x1793;&#x17CB;&#x1795;&#x17D2;&#x178A;&#x17C5;&#x1794;&#x17B8;&#x1794;&#x17D2;&#x179A;&#x1797;&#x17C1;&#x1791;&#x1793;&#x17C5;&#x1781;&#x17C1;&#x178F;&#x17D2;&#x178F;&#x1780;&#x17C6;&#x1796;&#x178F;</subfield>
  </datafield>
  <datafield tag="260" ind1=" " ind2=" ">
    <subfield code="a">Phnom Penh</subfield>
    <subfield code="b">RUA</subfield>
    <subfield code="c">2008</subfield>
  </datafield>
  <datafield tag="300" ind1=" " ind2=" ">
    <subfield code="a">xi; 42p.</subfield>
    <subfield code="b">ill.</subfield>
    <subfield code="c">29cm.</subfield>
  </datafield>
  <datafield tag="942" ind1=" " ind2=" ">
    <subfield code="2">ddc</subfield>
    <subfield code="c">FOR</subfield>
  </datafield>
  <datafield tag="999" ind1=" " ind2=" ">
    <subfield code="c">3375</subfield>
    <subfield code="d">3375</subfield>
  </datafield>
  <datafield tag="952" ind1=" " ind2=" ">
    <subfield code="0">0</subfield>
    <subfield code="1">0</subfield>
    <subfield code="2">ddc</subfield>
    <subfield code="4">0</subfield>
    <subfield code="6">FOR_HAN_2008_000000000000000_B135_OR_1</subfield>
    <subfield code="7">0</subfield>
    <subfield code="9">15862</subfield>
    <subfield code="a">LBB</subfield>
    <subfield code="b">LBB</subfield>
    <subfield code="c">B135</subfield>
    <subfield code="d">2015-11-12</subfield>
    <subfield code="o">FOR HAN 2008 B135 Or.1</subfield>
    <subfield code="p">RUA028342</subfield>
    <subfield code="r">2015-11-12</subfield>
    <subfield code="w">2015-11-12</subfield>
    <subfield code="y">FOR</subfield>
  </datafield>
  <datafield tag="952" ind1=" " ind2=" ">
    <subfield code="0">0</subfield>
    <subfield code="1">0</subfield>
    <subfield code="2">ddc</subfield>
    <subfield code="4">0</subfield>
    <subfield code="6">FOR_HAN_2008_000000000000000_B135_OR_2</subfield>
    <subfield code="7">0</subfield>
    <subfield code="9">15863</subfield>
    <subfield code="a">LBB</subfield>
    <subfield code="b">LBB</subfield>
    <subfield code="c">B135</subfield>
    <subfield code="d">2015-11-12</subfield>
    <subfield code="o">FOR HAN 2008 B135 Or.2</subfield>
    <subfield code="p">RUA028270</subfield>
    <subfield code="r">2015-11-12</subfield>
    <subfield code="w">2015-11-12</subfield>
    <subfield code="y">FOR</subfield>
  </datafield>
  <datafield tag="952" ind1=" " ind2=" ">
    <subfield code="0">0</subfield>
    <subfield code="1">0</subfield>
    <subfield code="2">ddc</subfield>
    <subfield code="4">0</subfield>
    <subfield code="6">FOR_HAN_2008_000000000000000_B135_OR_3</subfield>
    <subfield code="7">0</subfield>
    <subfield code="9">15864</subfield>
    <subfield code="a">LBB</subfield>
    <subfield code="b">LBB</subfield>
    <subfield code="c">B135</subfield>
    <subfield code="d">2015-11-12</subfield>
    <subfield code="o">FOR HAN 2008 B135 Or.3</subfield>
    <subfield code="p">RUA028138</subfield>
    <subfield code="r">2015-11-12</subfield>
    <subfield code="w">2015-11-12</subfield>
    <subfield code="y">FOR</subfield>
  </datafield>
  <datafield tag="952" ind1=" " ind2=" ">
    <subfield code="0">0</subfield>
    <subfield code="1">0</subfield>
    <subfield code="2">ddc</subfield>
    <subfield code="4">0</subfield>
    <subfield code="6">FOR_HAN_2008_000000000000000_B135_OR_4</subfield>
    <subfield code="7">0</subfield>
    <subfield code="9">15865</subfield>
    <subfield code="a">LBB</subfield>
    <subfield code="b">LBB</subfield>
    <subfield code="c">B135</subfield>
    <subfield code="d">2015-11-12</subfield>
    <subfield code="o">FOR HAN 2008 B135 Or.4</subfield>
    <subfield code="p">RUA028066</subfield>
    <subfield code="r">2015-11-12</subfield>
    <subfield code="w">2015-11-12</subfield>
    <subfield code="y">FOR</subfield>
  </datafield>
  <datafield tag="952" ind1=" " ind2=" ">
    <subfield code="0">0</subfield>
    <subfield code="1">0</subfield>
    <subfield code="2">ddc</subfield>
    <subfield code="4">0</subfield>
    <subfield code="6">FOR_HAN_2008_000000000000000_B135_OR_5</subfield>
    <subfield code="7">0</subfield>
    <subfield code="9">15866</subfield>
    <subfield code="a">LBB</subfield>
    <subfield code="b">LBB</subfield>
    <subfield code="c">B135</subfield>
    <subfield code="d">2015-11-12</subfield>
    <subfield code="o">FOR HAN 2008 B135 Or.5</subfield>
    <subfield code="p">RUA028282</subfield>
    <subfield code="r">2015-11-12</subfield>
    <subfield code="w">2015-11-12</subfield>
    <subfield code="y">FOR</subfield>
  </datafield>
  <datafield tag="952" ind1=" " ind2=" ">
    <subfield code="0">0</subfield>
    <subfield code="1">0</subfield>
    <subfield code="2">ddc</subfield>
    <subfield code="4">0</subfield>
    <subfield code="6">FOR_HAN_2008_000000000000000_B135_OR_6</subfield>
    <subfield code="7">0</subfield>
    <subfield code="9">15867</subfield>
    <subfield code="a">LBB</subfield>
    <subfield code="b">LBB</subfield>
    <subfield code="c">B135</subfield>
    <subfield code="d">2015-11-12</subfield>
    <subfield code="o">FOR HAN 2008 B135 Or.6</subfield>
    <subfield code="p">RUA028210</subfield>
    <subfield code="r">2015-11-12</subfield>
    <subfield code="w">2015-11-12</subfield>
    <subfield code="y">FOR</subfield>
  </datafield>
  <datafield tag="952" ind1=" " ind2=" ">
    <subfield code="0">0</subfield>
    <subfield code="1">0</subfield>
    <subfield code="2">ddc</subfield>
    <subfield code="4">0</subfield>
    <subfield code="6">FOR_HAN_2008_000000000000000_B135_OR_7</subfield>
    <subfield code="7">0</subfield>
    <subfield code="9">15883</subfield>
    <subfield code="a">LBB</subfield>
    <subfield code="b">LBB</subfield>
    <subfield code="c">B135</subfield>
    <subfield code="d">2015-11-12</subfield>
    <subfield code="o">FOR HAN 2008 B135 Or.7</subfield>
    <subfield code="p">RUA027222</subfield>
    <subfield code="r">2015-11-12</subfield>
    <subfield code="w">2015-11-12</subfield>
    <subfield code="y">FOR</subfield>
  </datafield>
  <datafield tag="952" ind1=" " ind2=" ">
    <subfield code="0">0</subfield>
    <subfield code="1">0</subfield>
    <subfield code="2">ddc</subfield>
    <subfield code="4">0</subfield>
    <subfield code="6">FOR_HAN_2008_000000000000000_B135_OR_8</subfield>
    <subfield code="7">0</subfield>
    <subfield code="9">15884</subfield>
    <subfield code="a">LBB</subfield>
    <subfield code="b">LBB</subfield>
    <subfield code="c">B135</subfield>
    <subfield code="d">2015-11-12</subfield>
    <subfield code="o">FOR HAN 2008 B135 Or.8</subfield>
    <subfield code="p">RUA027366</subfield>
    <subfield code="r">2015-11-12</subfield>
    <subfield code="w">2015-11-12</subfield>
    <subfield code="y">FOR</subfield>
  </datafield>
  <datafield tag="952" ind1=" " ind2=" ">
    <subfield code="0">0</subfield>
    <subfield code="1">0</subfield>
    <subfield code="2">ddc</subfield>
    <subfield code="4">0</subfield>
    <subfield code="6">FOR_HAN_2008_000000000000000_B135_OR_9</subfield>
    <subfield code="7">0</subfield>
    <subfield code="9">15885</subfield>
    <subfield code="a">LBB</subfield>
    <subfield code="b">LBB</subfield>
    <subfield code="c">B135</subfield>
    <subfield code="d">2015-11-12</subfield>
    <subfield code="o">FOR HAN 2008 B135 Or.9</subfield>
    <subfield code="p">RUA027427</subfield>
    <subfield code="r">2015-11-12</subfield>
    <subfield code="w">2015-11-12</subfield>
    <subfield code="y">FOR</subfield>
  </datafield>
  <datafield tag="952" ind1=" " ind2=" ">
    <subfield code="0">0</subfield>
    <subfield code="1">0</subfield>
    <subfield code="2">ddc</subfield>
    <subfield code="4">0</subfield>
    <subfield code="6">FOR_HAN_2008_000000000000000_B135_OR_10</subfield>
    <subfield code="7">0</subfield>
    <subfield code="9">15886</subfield>
    <subfield code="a">LBB</subfield>
    <subfield code="b">LBB</subfield>
    <subfield code="c">B135</subfield>
    <subfield code="d">2015-11-12</subfield>
    <subfield code="o">FOR HAN 2008 B135 Or.10</subfield>
    <subfield code="p">RUA027349</subfield>
    <subfield code="r">2015-11-12</subfield>
    <subfield code="w">2015-11-12</subfield>
    <subfield code="y">FOR</subfield>
  </datafield>
</record>
